| Tag |
First Indicator |
Second Indicator |
Subfields |
| LEADER |
00000cam a2200000 4500 |
| 001 |
in00000048731 |
| 005 |
20151007073624.0 |
| 008 |
800610s1932 gw a b 00010 ger c |
| 010 |
|
|
|a agr32001022
|
| 035 |
|
|
|a (OCoLC)06404186
|
| 035 |
|
|
|9 AAF0052AM
|
| 040 |
|
|
|a U.S. Dept. of agr. Library
|c TXA
|d UtOrBLW
|
| 049 |
|
|
|a TXAM [Also in] [Med Sci]
|c 1 [75547]
|
| 050 |
|
0 |
|a QL386
|b .S7
|
| 092 |
|
|
|a 595.1
|b S868
|
| 100 |
1 |
|
|a Sprehn, Curt Erich Willy,
|d 1892-
|
| 245 |
1 |
0 |
|a Lehrbuch der helminthologie ;
|b eine naturgeschichte der in deutschen saugetieren und vogeln schmarotzenden wurmer, unter besonderer berucksichtigung der helminthen des menschen, der haustiere und wichtigsten nutztiere /
|c von dr. Curt E. W. Sprehn ... mit 374 abbildungen.
|
| 264 |
|
1 |
|a Berlin :
|b Gebruder Borntraeger,
|c 1932.
|
| 300 |
|
|
|a xvi, 998 pages :
|b illustrations ;
|c 26 cm.
|
| 336 |
|
|
|a text
|b txt
|2 rdacontent
|
| 337 |
|
|
|a unmediated
|b n
|2 rdamedia
|
| 338 |
|
|
|a volume
|b nc
|2 rdacarrier
|
| 504 |
|
|
|a "Literatur": pages [942]-996.
|
| 650 |
|
0 |
|a Helminths.
|
| 999 |
|
|
|a MARS
|
| 999 |
f |
f |
|s 5e4e0c8d-8b8e-37db-b601-7a634d384f13
|i 0de140c5-8eb5-3b31-a6c1-59703911c8b6
|t 0
|
| 952 |
f |
f |
|p ric
|a Texas A&M University
|b Rellis Campus
|c Joint Library Facility
|d Remote Storage
|t 0
|e QL386 .S7
|h Library of Congress classification
|i unmediated -- volume
|m A14801011205
|
| 998 |
f |
f |
|a QL386 .S7
|t 0
|l Remote Storage
|